Modern Power System Analysis with MATLAB Applications (Record no. 175257)

MARC details
000 -LEADER
fixed length control field 00840nam a22002417a 4500
005 - DATE AND TIME OF LATEST TRANSACTION
control field 20210316164614.0
010 ## - LCCN (DPL NO)
LC control number ENG-128356
020 ## - INTERNATIONAL STANDARD BOOK NUMBER
Terms of availability 599.00
International Standard Book Number 9789353944377
035 ## - SYSTEM CONTROL NUMBER
System control number EN-111888
037 ## - SOURCE OF ACQUISITION
Source of stock number/acquisition DBAD/PUB
082 ## - DEWEY DECIMAL CLASSIFICATION NUMBER
Classification number 621.3191
100 ## - MAIN ENTRY--PERSONAL NAME
Personal name Jagatheesan, R
245 ## - TITLE STATEMENT
Title Modern Power System Analysis with MATLAB Applications
Statement of responsibility, etc by R. Jegatheesan and K.Vijayakumar,
260 ## - PUBLICATION, DISTRIBUTION, ETC. (IMPRINT)
Place of publication, distribution, etc Noida
Name of publisher, distributor, etc Pearson
Date of publication, distribution, etc 2020
270 ## - ADDRESS
Address 15th floor,Tower-B,Word Trade Tower,Plot no.1,Block-C sec 16,
City Noida
Postal code 201301
Telephone number 04466540100
Electronic mail address companysecretary.india@pearson.com
300 ## - PHYSICAL DESCRIPTION
Extent 525p.
Dimensions 23.5cm(pbk)
Other physical details Illustrated
500 ## - GENERAL NOTE
General note Electrical and Electronics Engineering
650 ## - SUBJECT ADDED ENTRY--TOPICAL TERM
Topical term or geographic name as entry element Power System Analysis
700 ## - ADDED ENTRY--PERSONAL NAME
Personal name Vijayakumar, K
700 ## - ADDED ENTRY--PERSONAL NAME
Personal name R.Dheepika
700 ## - ADDED ENTRY--PERSONAL NAME
Personal name M.Balakrishnan
942 ## - ADDED ENTRY ELEMENTS (KOHA)
Source of classification or shelving scheme Dewey Decimal Classification
Item type English Books
Classification part 621.3191
Call number suffix JEG
Holdings
Withdrawn status Lost status Not for loan Collection code Home library Current library Date acquired Source of acquisition Cost, normal purchase price Full call number Barcode Copy number Cost, replacement price Koha item type
      Non-fiction Ashok Vihar Ashok Vihar 19/08/2020 DBAD/PUB 599.00 621.3191 JEG EN-111888 1 599.00 English Books

© Delhi Public Library
Hit Counter
free hit counter